000 00820nas a2200313 4500
001 BR8807275
003 BR-BrBNA
005 20231205091403.0
007 ta
008 230509b bl.|||p| |||| 00| 00por d
040 _aBR-BrBNA
_bpor
_cBiblioteca Nacional de Agricultura
041 _a(Pt)
072 _aL10
100 1 _aAnon.
245 1 _aTouro tem que trepar [cruzamento animal]
650 _aTOURO
650 _aGADO ZEBU
650 _aRACA
650 _aCRUZAMENTO ANIMAL
650 _aGANHO DE PESO
650 _aCONFINAMENTO
650 _aENGORDA
650 _aGADO NELORE
650 _aGADO CANCHIM
650 _aGADO MESTICO
773 0 _tGranja (Brazil)
_xISSN 0367-505X
_g(Aug 1988), v. 44(486) p. 16-23
_wBR8807275
909 _a202311
_bLúcia
_c55
_dLúcia Elande
942 _2AGRIS
_n0
_cANA
999 _c124738
_d124738